[Event "GRE-chT 49th"]
[Site "Thessaloniki"]
[Date "2022.08.13"]
[Round "2.2"]
[White "Bastianou, Chrysoula"]
[Black "Kratimenou, Maria"]
[Result "1/2-1/2"]
[WhiteElo "1669"]
[BlackElo "1417"]
[PlyCount "81"]
[EventDate "2022.08.12"]
[EventType "team-swiss"]
[EventRounds "7"]
[EventCountry "GRE"]
[SourceTitle "CBM 209 Extra"]
[Source "ChessBase"]
[SourceDate "2022.09.30"]
[SourceVersion "1"]
[SourceVersionDate "2022.09.30"]
[SourceQuality "1"]
[WhiteTeam "Eaao Fysiolatris Nikias"]
[BlackTeam "Panionios YS"]
[WhiteTeamCountry "GRE"]
[BlackTeamCountry "GRE"]

1. d4 Nf6 2. c4 e6 3. Nc3 Bb4 4. e3 0-0 5. Bd3 d5 6. a3 Be7 7. cxd5 exd5 8. Nge2 Re8 9. 0-0 c6 10. Ng3 Bf8 11. Qc2 Nbd7 12. b4 a5 13. Rb1 g6 14. e4 dxe4 15. Ngxe4 Nxe4 16. Nxe4 Nf6 17. Bg5 Bg7 18. Rfe1 Be6 19. Rbd1 axb4 20. axb4 Kh8 21. Bc4 Bf5 22. f3 h6 23. Bh4 g5 24. Bf2 Bg6 25. Bd3 Ra3 26. Nc5 Rxe1+ 27. Rxe1 Bxd3 28. Nxd3 Nd5 29. Qb1 Kg8 30. b5 Nc3 31. Qb4 Nxb5 32. Ne5 Ra2 33. Qc4 Bxe5 34. Qxa2 Bxd4 35. Bxd4 Qxd4+ 36. Kf1 Qd3+ 37. Kf2 Qd4+ 38. Kf1 Qd3+ 39. Kg1 Qc3 40. Qe2 Kg7 41. Rf1 1/2-1/2

[Event "GRE-chT 46th"]
[Site "Rio Achaia"]
[Date "2018.07.15"]
[Round "7.1"]
[White "Bastianou, Chrysoula"]
[Black "Giotsa, Marilena"]
[Result "1-0"]
[WhiteElo "1710"]
[BlackElo "1008"]
[PlyCount "43"]
[EventDate "2018.07.10"]
[EventType "team"]
[EventRounds "7"]
[EventCountry "GRE"]
[SourceTitle "CBM 185 Extra"]
[Source "ChessBase"]
[SourceDate "2018.07.29"]
[SourceVersion "1"]
[SourceVersionDate "2018.07.29"]
[SourceQuality "1"]
[WhiteTeam "Nikaia Fysiolatris"]
[BlackTeam "The Christ of Chania"]
[WhiteTeamCountry "GRE"]
[BlackTeamCountry "GRE"]

1. d4 Nf6 2. c4 e6 3. Nc3 b6 4. e4 Bb4 5. Qc2 Bb7 6. Bd3 h6 7. Nge2 d6 8. 0-0 0-0 9. f4 d5 10. cxd5 exd5 11. e5 Nfd7 12. Rf3 Re8 13. Rg3 f6 14. Bg6 Re7 15. a3 Bxc3 16. bxc3 fxe5 17. fxe5 c5 18. Nf4 Na6 19. Bh7+ Kh8 20. Ng6+ Kxh7 21. Nxe7+ Kh8 22. Nf5 1-0

[Event "Athens Siaperas Memorial 14th"]
[Site "Athens"]
[Date "2018.01.20"]
[Round "2"]
[White "Bastianou, Chrysoula"]
[Black "Nikolaou, Georgios"]
[Result "0-1"]
[WhiteElo "1732"]
[BlackElo "2204"]
[PlyCount "42"]
[EventDate "2018.01.13"]
[EventType "swiss"]
[EventRounds "7"]
[EventCountry "GRE"]
[SourceTitle "EXT 2019"]
[Source "ChessBase"]
[SourceDate "2018.10.10"]
[SourceVersion "1"]
[SourceVersionDate "2018.10.10"]
[SourceQuality "1"]

1. d4 Nf6 2. c4 g6 3. Nc3 Bg7 4. Nf3 0-0 5. e3 c5 6. Be2 cxd4 7. Nxd4 Nc6 8. Nxc6 bxc6 9. 0-0 d5 10. Qc2 Qc7 11. Bd2 Rb8 12. b3 Bf5 13. Bd3 Bxd3 14. Qxd3 Rfd8 15. Rfd1 Ng4 16. f4 d4 17. exd4 Bxd4+ 18. Kf1 Be3 19. Qe2 Qxf4+ 20. Ke1 Bf2+ 21. Kf1 Nxh2# 0-1

[Event "GRE-chT 45th"]
[Site "Achaia"]
[Date "2017.07.04"]
[Round "3.1"]
[White "Bastianou, Chrysoula"]
[Black "Tzartzi, Petroula"]
[Result "1-0"]
[WhiteElo "1547"]
[BlackElo "1243"]
[PlyCount "117"]
[EventDate "2017.07.03"]
[EventType "team-swiss"]
[EventRounds "7"]
[EventCountry "GRE"]
[SourceTitle "CBM 179 Extra"]
[Source "ChessBase"]
[SourceDate "2017.08.23"]
[SourceVersion "1"]
[SourceVersionDate "2017.08.23"]
[SourceQuality "1"]
[WhiteTeam "Nice Fysiolatris"]
[BlackTeam "Moudanion"]
[WhiteTeamCountry "GRE"]
[BlackTeamCountry "GRE"]

1. d4 g6 2. c4 Bg7 3. Nc3 c5 4. d5 Bxc3+ 5. bxc3 d6 6. e4 Nf6 7. Bd3 Qa5 8. Qc2 Nbd7 9. Ne2 Ne5 10. 0-0 Bd7 11. f4 Nxd3 12. Qxd3 0-0-0 13. Bd2 Rdg8 14. Rab1 h5 15. Ra1 Qa6 16. a4 e6 17. e5 Ne8 18. Nc1 Rf8 19. Be3 b6 20. exd6 exd5 21. cxd5 Qxd3 22. Nxd3 Nxd6 23. Ne5 Bf5 24. a5 Kb7 25. h3 Be4 26. Rfd1 Re8 27. Bf2 h4 28. Ra2 Rh5 29. axb6 axb6 30. Ng4 Rxd5 31. Rxd5 Bxd5 32. Rd2 Kc6 33. Ne5+ Kb5 34. Rxd5 Ne4 35. c4+ Kb4 36. Rd1 Ng3 37. Rb1+ Ka5 38. Nc6+ Ka6 39. Ra1+ Kb7 40. Ne5 Re7 41. Bxg3 hxg3 42. Ra7+ Kxa7 43. Nc6+ Ka6 44. Nxe7 Ka5 45. Nc8 b5 46. cxb5 Kxb5 47. Kf1 c4 48. Ke2 Kb4 49. Kd2 Kb3 50. Nd6 c3+ 51. Kc1 f6 52. Ne4 f5 53. Nxg3 Kc4 54. Kc2 Kd4 55. Nxf5+ gxf5 56. g4 fxg4 57. hxg4 Ke4 58. f5 Ke5 59. Kxc3 1-0

[Event "GRE-ch U16 Girls"]
[Site "Achaia"]
[Date "2017.07.02"]
[Round "9"]
[White "Liouri, Anastasia"]
[Black "Bastianou, Chrysoula"]
[Result "1/2-1/2"]
[WhiteElo "1394"]
[BlackElo "1643"]
[PlyCount "89"]
[EventDate "2017.06.26"]
[EventType "swiss"]
[EventRounds "9"]
[EventCountry "GRE"]
[SourceTitle "CBM 179 Extra"]
[Source "ChessBase"]
[SourceDate "2017.08.23"]
[SourceVersion "1"]
[SourceVersionDate "2017.08.23"]
[SourceQuality "1"]

1. d4 Nf6 2. c4 e6 3. Nf3 b6 4. g3 Bb7 5. Bg2 Bb4+ 6. Bd2 Bxd2+ 7. Nbxd2 0-0 8. 0-0 d6 9. Re1 Nbd7 10. Rc1 c5 11. Nb1 Qe7 12. e3 Ne4 13. Nc3 Nxc3 14. Rxc3 f5 15. Nh4 Bxg2 16. Nxg2 Nf6 17. Nf4 g5 18. Nh3 g4 19. Nf4 Ne4 20. Rc1 Ng5 21. Kg2 Qb7+ 22. d5 e5 23. Nd3 Nf3 24. Rh1 Qg7 25. h3 Rf6 26. hxg4 fxg4 27. b3 Kf7 28. Rh5 Rh6 29. Qh1 Rxh5 30. Qxh5+ Qg6 31. Qxg6+ Kxg6 32. Rh1 h5 33. Nc1 Kg5 34. Ne2 a6 35. Nc3 Rd8 36. Ne4+ Kg6 37. Nc3 Ng5 38. Kf1 Rf8 39. Ke2 Rh8 40. Kd2 Nf3+ 41. Kd3 Kf5 42. Ne4 Rh6 43. Nc3 Ng5 44. a3 Nf3 45. Ne4 1/2-1/2

[Event "Nikaia op 23rd"]
[Site "Nikaia"]
[Date "2015.09.01"]
[Round "6"]
[White "Koutis, Pavlos"]
[Black "Bastianou, Chrysoula"]
[Result "0-1"]
[WhiteElo "1244"]
[BlackElo "1430"]
[PlyCount "40"]
[EventDate "2015.08.26"]
[EventType "swiss"]
[EventRounds "9"]
[EventCountry "GRE"]
[SourceTitle "EXT 2016"]
[Source "ChessBase"]
[SourceDate "2015.10.08"]
[SourceVersion "1"]
[SourceVersionDate "2015.10.08"]
[SourceQuality "1"]

1. e4 c5 2. Nf3 d6 3. d4 cxd4 4. Nxd4 Nf6 5. Nc3 Nc6 6. Bg5 g6 7. Qd2 Bg7 8. 0-0-0 0-0 9. Nxc6 bxc6 10. e5 Ne8 11. exd6 Nxd6 12. Bxe7 Qxe7 13. Qxd6 Qb7 14. Qc5 Be6 15. a3 Rab8 16. b4 a5 17. b5 cxb5 18. Nxb5 Rfc8 19. Qe3 Qc6 20. Qd3 Rxb5 0-1

[Event "GRE-chT 42nd"]
[Site "Porto Rio"]
[Date "2014.06.28"]
[Round "1.7"]
[White "Bastianou, Chrysoula"]
[Black "Palioura, Paraskevi"]
[Result "1-0"]
[WhiteElo "1268"]
[BlackElo "1165"]
[PlyCount "85"]
[EventDate "2014.06.28"]
[EventType "team-swiss"]
[EventRounds "7"]
[EventCountry "GRE"]
[SourceTitle "CBM 161 Extra"]
[Source "ChessBase"]
[SourceDate "2014.08.29"]
[SourceVersion "1"]
[SourceVersionDate "2014.08.29"]
[SourceQuality "1"]
[WhiteTeam "Korydallos"]
[BlackTeam "Aigaleo"]
[WhiteTeamCountry "GRE"]
[BlackTeamCountry "GRE"]

1. d4 Nf6 2. c4 e6 3. Nc3 c5 4. e3 b6 5. Nf3 Bb7 6. Bd3 d6 7. 0-0 Be7 8. b3 0-0 9. Bb2 Nbd7 10. a3 Re8 11. Rc1 Nf8 12. dxc5 bxc5 13. Nd2 Ng6 14. Nce4 Ne5 15. Bc2 Neg4 16. h3 Nh6 17. Nxf6+ Bxf6 18. Bxf6 Qxf6 19. Ne4 Qg6 20. f3 Rad8 21. Nxc5 dxc5 22. Bxg6 Rxd1 23. Bxh7+ Kxh7 24. Rfxd1 Nf5 25. Kf2 Kg6 26. Rd7 Rb8 27. Rc7 Ba8 28. Rb1 Nd6 29. Rxc5 a6 30. b4 Kf6 31. Rd1 Rb6 32. e4 Bxe4 33. Rc7 Ne8 34. Rc8 Nd6 35. Rd8 Nxc4 36. fxe4 Nxa3 37. R8d6 Rxb4 38. Rxa6 Nc2 39. Rd2 Nd4 40. Ke3 Ke5 41. Rxd4 Rxd4 42. Ra5+ Rd5 43. exd5 1-0